Victor Turner revisited : ritual as social change
Αποθηκεύτηκε σε:
| Κύριος συγγραφέας: | |
|---|---|
| Μορφή: | Βιβλίο |
| Γλώσσα: | English |
| Δημοσίευση: |
Atlanta :
Scholars,
1991
|
| Σειρά: | American Academy of Religion academy series ;
; 74 |
| Θέματα: | |
| Ετικέτες: |
Προσθήκη ετικέτας
Δεν υπάρχουν, Καταχωρήστε ετικέτα πρώτοι!
|
MARC
| LEADER | 00000nam a2200000 i 4500 | ||
|---|---|---|---|
| 001 | 1/3382 | ||
| 008 | 960321s1991 eng d | ||
| 020 | |a 1-55540-601-7 | ||
| 035 | |l 10015200 | ||
| 040 | |a GR-MY-UA |b gre |e aacr | ||
| 041 | 0 | |a eng | |
| 082 | 0 | |a 390 | |
| 100 | 1 | |a Alexander, Bobby Chris |d 1950- | |
| 245 | 1 | 0 | |a Victor Turner revisited : |b ritual as social change / |c Bobby C. Alexander |
| 260 | |a Atlanta : |b Scholars, |c 1991 | ||
| 300 | |a 191 p. | ||
| 490 | 1 | |a American Academy of Religion academy series |v ; 74 | |
| 504 | |a Includes bibliographical references | ||
| 600 | 1 | 0 | |a Turner Victor Witter. |
| 600 | 1 | 0 | |a Grotowski Jerzy |d 1933- |x Criticism and interpretation. |
| 650 | 0 | 0 | |a Rites and ceremonies. |
| 650 | 0 | 0 | |a Social structure. |
| 650 | 0 | 0 | |a Spirit possession |x Social aspects. |
| 650 | 0 | 0 | |a Experimental theater |x Social aspects. |
| 650 | 0 | 0 | |a African American Pentecostals. |
| 830 | 0 | |a American Academy of Religion academy series ; |v ; 74 | |
| 852 | |a INST |b LESVOS |e 19960321 |h 390 ALE |p 005100006798 |q 005100006798 |t BK |y 0 | ||
| 909 | |a Λ |b 043947 | ||